Le Sinaï : de la conquête arabe à nos jours /

محفوظ في:

مؤلفون آخرون: Mouton, Jean-Michel.

التنسيق: كتاب

اللغة: French
English
Arabic

منشور في: Le Caire : Institut français d'archéologie orientale, 2001.

سلاسل: Cahier des Annales Islamologiques, 21.
CAI ; 21.

الموضوعات:

الوسوم: إضافة وسم

لا توجد وسوم, كن أول من يضع وسما على هذه التسجيلة!

رقم الطلب: DS41 .C24 v.21

LEADER 01297namaa2200337 4500
001 20708
003 OSt
005 20241002065852.0
008 130303s2001 ua ab b 001 0 fre d
952 |0 0  |1 0  |2 lcc  |3 V.21  |4 0  |6 DS0041 C24 V.00021  |7 1  |9 8831  |a ARCE  |b ARCE  |d 2020-12-26  |l 0  |o DS41 .C24 v.21  |p 1018357  |r 2020-12-26 00:00:00  |w 2020-12-26  |y BK 
999 |c 17165  |d 17165 
020 |a 2724702999 
040 |c ARCE Library 
041 0 |a fre  |a eng  |a ara  
043 |a f-ua--- 
050 4 |a DS41 .C24 v.21 
245 0 0 |a Le Sinaï :   |b de la conquête arabe à nos jours /   |c édité par Jean-Michel Mouton. 
264 1 |a Le Caire :  |b Institut français d'archéologie orientale,  |c 2001.  
300 |a vii, 227 pages :  |b illustrations, maps ;  |c 28 cm.  
490 1 |a Cahier des Annales Islamologiques,   |x 02054-282x ;   |v 21. 
490 1 |a CAI ;   |v 21. 
504 |a Includes bibliographical references and index.  
546 |a Chiefly French, 4 articles in English, source material in Arabic. 
650 0 |a Excavations (Archaeology)  |z Egypt  |z Sinai.  
651 0 |a Sinai (Egypt)  |x History.  
651 0 |a Sinai (Egypt)  |x Antiquities.  
700 1 |a Mouton, Jean-Michel.  |9 36311 
830 0 |a Cahier des Annales Islamologiques,   |x 02054-282x ;   |v 21. 
830 0 |a CAI ;   |v 21. 
901 |a reviewed 
942 |c BK  |2 lcc